000 00878nam a2200265 a 4500
001 001553887
003 AR-RoUNCS
005 20251107103055.0
008 220523s2018 ag ao gr 001 0 eng |
020 _a978-987-615-439-0
040 _aAR-BaBN
_bspa
_cAR-BaBN
_eaacr
080 1 _a811.111(07)
245 0 0 _aLook Wide 2 /
_cBob Hastings ... [et al.].
250 _a[1a ed.].
260 _aCiudad Autónoma de Buenos Aires :
_bPearson Education,
_c2018.
300 _a111 p. :
_bil. col., fot. col. ;
_c30 cm.
490 0 _aGlobal Scale of English
500 _aEn tapa: «Interactive Digital Book Free».
500 _aEn portada: Student's book + workbook.
521 2 _aDestinado a estudiantes de nivel secundario.
650 4 _aINGLÉS
_vLIBROS DE TEXTO
_xENSEÑANZA SECUNDARIA
655 4 _aLIBROS DE TEXTO
700 1 _aHastings, Bob
_eautor
942 _2udc
_cLPD
_n0
999 _c694
_d694